000 00426nam a22001577a 4500
005 20241127151438.0
008 241127b |||||||| |||| 00| 0 eng d
020 _a0132038625
050 _aHM1221SEI
100 _aSEITEL, P. FRASER
_dC2007
245 _aTHE PRACTICE OF PUBLIC RELATIONS
250 _aTENTH EDITION
260 _aNEW JERSEY
_bPERSON,PRENTICE HALL
_cC2007
500 _a442p.,INDEX,ILLUS.
942 _2lcc
_cBK
_n0
999 _c1632
_d1632